| Tag |
First Indicator |
Second Indicator |
Subfields |
| LEADER |
00000cam a2200000 i 4500 |
| 001 |
in00000613581 |
| 005 |
20151015050243.0 |
| 008 |
761222s1975 ve 00011 spa d |
| 035 |
|
|
|a (OCoLC)02641857
|
| 035 |
|
|
|9 ACS8791AM
|
| 040 |
|
|
|a NOC
|c NOC
|d TXA
|d UtOrBLW
|
| 049 |
|
|
|a TXAM
|c [1539457]
|
| 090 |
|
|
|a PQ7798.29.A455
|b A63
|
| 100 |
1 |
|
|a Salzberg, Jose.
|
| 245 |
1 |
0 |
|a Abraham :
|b (novela) /
|c Jose Salzberg.
|
| 264 |
|
1 |
|a Caracas :
|b Sintesis Dosmil,
|c 1975.
|
| 300 |
|
|
|a 252 pages ;
|c 19 cm.
|
| 336 |
|
|
|a text
|b txt
|2 rdacontent
|
| 337 |
|
|
|a unmediated
|b n
|2 rdamedia
|
| 338 |
|
|
|a volume
|b nc
|2 rdacarrier
|
| 490 |
1 |
|
|a Coleccion Los Vasos comunicantes
|
| 830 |
|
0 |
|a Coleccion los vasos comunicantes.
|
| 999 |
|
|
|a MARS
|
| 999 |
f |
f |
|s 8457246f-494f-3a2c-aa5b-28640b49bab7
|i 105d79ee-fd5f-3ac9-882d-e7167cae6bf6
|t 0
|
| 952 |
f |
f |
|p ric
|a Texas A&M University
|b Rellis Campus
|c Joint Library Facility
|d Remote Storage
|t 0
|e PQ7798.29.A455 A63
|h Library of Congress classification
|i unmediated -- volume
|m A14803834552
|
| 998 |
f |
f |
|a PQ7798.29.A455 A63
|t 0
|l Remote Storage
|